| 000 | 00742cab a2200253 4500 | ||
|---|---|---|---|
| 001 | ABS57008 | ||
| 008 | 090401t1997 xxu||||| |||| 00| 0 eng d | ||
| 035 | _a(Sirsi) u98390 | ||
| 041 | _aeng | ||
| 100 | _aNixon, J. | ||
| 245 | _aRent arrears hearings | ||
| 260 | _c1997 | ||
| 350 | _a0 | ||
| 490 |
_aLegal Action _vMay 1997, 6-7(2) |
||
| 520 | _aLooks at the advantages and disadvantages of the proposed two-stage possession process for rent arrears hearings. | ||
| 650 | _aCOURT PROCEDURE | ||
| 650 | _aPROPOSAL | ||
| 650 | _aRENT ARREARS | ||
| 650 | _aTENANTS | ||
| 690 | _aPROPERTY-RESIDENTIAL PROPERTY-RESIDENTIAL LANDLORD AND TENANT-RESIDENTIAL TENANCIES | ||
| 700 | _aHunter, C. | ||
| 942 | _n0 | ||
| 948 | _c27/05/1997 | ||
| 999 |
_c59789 _d59789 |
||